Novela zákona o štátnej službe
Zákon o štátnej službe č. 55/2017 Z.z. z 1. februára 2017 upravuje vzťahy štátnych zamestnancov k štátu pri vykonávaní štátnej služby v súlade s požiadavkami aplikačnej praxe. Jeho hlavným cieľom by malo byť odpolitizovanie štátnej správy. Zavedenie Centrálneho informačného systému štátnej správy. P...
Guardado en:
| Autor principal: | |
|---|---|
| Formato: | Capítulo de libro |
| Lenguaje: | eslovaco |
| Materias: | |
| Etiquetas: |
Sin Etiquetas, Sea el primero en etiquetar este registro!
|
MARC
| LEADER | 00000naa a2200000 4500 | ||
|---|---|---|---|
| 001 | 0231187 | ||
| 005 | 20170602102810.4 | ||
| 041 | 0 | |a slo | |
| 044 | |a SK | ||
| 245 | 1 | 0 | |a Novela zákona o štátnej službe |c Dagmar Hrašková |
| 520 | |a Zákon o štátnej službe č. 55/2017 Z.z. z 1. februára 2017 upravuje vzťahy štátnych zamestnancov k štátu pri vykonávaní štátnej služby v súlade s požiadavkami aplikačnej praxe. Jeho hlavným cieľom by malo byť odpolitizovanie štátnej správy. Zavedenie Centrálneho informačného systému štátnej správy. Princípy, na ktorých je budovaný nový zákon o štátnej službe. Pojem nadbytočný zamestnanec. | ||
| 610 | 2 | 0 | |a služba štátna |
| 610 | 2 | 0 | |a úpravy právne |
| 610 | 2 | 0 | |a zamestnanci štátni |
| 610 | 2 | 0 | |a etika |
| 610 | 2 | 0 | |a systémy informačné |
| 100 | 1 | |a Hrašková, Dagmar | |